| 000 | 00704nam a2200241 i 4500 | ||
|---|---|---|---|
| 001 | bg | ||
| 100 | 1 | _aBONDAR, Natalia. | |
| 245 | 1 | 0 |
_aBiznes - kontakt : _bkurs przygotowujący do egzaminu na międzynarodowy certyfikat z języka rosyjskiego / _cNatalia Bondar, Sergiusz Chwatow. |
| 260 |
_aWarszawa : _bREA, _c1998. |
||
| 300 |
_a239 s. ; _c29 cm. |
||
| 650 | 9 | _aEgzaminy | |
| 650 | 9 | _aJęzyk rosyjski | |
| 655 | _aPodręczniki | ||
| 700 | 1 | _aCHVATOV, Sergej. | |
| 700 | 1 | _aCHWATOW, Sergiusz. | |
| 020 | _a8371411499 | ||
| 040 | _cBPK | ||
| 041 | 0 | _aru | |
| 080 | _a811.161.1(075.3)(076):371.279.6 | ||
| 920 | _a83-7141-149-9 | ||
| 942 | _cKS | ||
| 008 | s pl f |000 0 pol | ||
| 999 |
_c33746 _d33746 |
||
| 856 |
_uhttp://koha.tu.koszalin.pl/cgi-bin/koha/opac-detail.pl?biblionumber=33746 _yKatalog online BPK |
||